| 000 | 00348 a2200109 4500 | ||
|---|---|---|---|
| 001 | ART_19568 | ||
| 005 | 20260410161922.0 | ||
| 008 | 260409a | ||
| 245 | 1 | 0 | _aLas viviendas, las leyes y la actividad económica productiva |
| 100 | 1 | _aChalupowicz, Israel | |
| 773 | 0 |
_tLa información _g- Tomo XLI, Nº 606 (jun. 1980) _wREV14902 |
|
| 999 |
_c27799 _d27799 |
||